| 000 | 00533nam a2200169 4500 | ||
|---|---|---|---|
| 999 |
_c80826 _d80826 |
||
| 008 | 210310b ||||| |||| 00| 0 eng d | ||
| 040 |
_aDE-2950 _bger _cDE-2950 _erda |
||
| 100 | _aForum/ KW | ||
| 245 |
_aNeue Spitze _bWohnbau in Frankfurt (Oder) hat neuen Vorstand _cForum/ Kw |
||
| 651 | _aFrankfurt (Oder) | ||
| 653 | _aWohnbau | ||
| 773 |
_dPotsdam: vmm wirtschaftsverlag _tForum Das Brandenburger Wirtschaftsmagazin _gHeft 1-2/ 2021, S. 24 |
||
| 942 | _cZS | ||